| 000 | 01963nam0a2200409 4500 | ||
|---|---|---|---|
| 001 | RU\NLR\bibl\1464166 | ||
| 005 | 20260405193406.0 | ||
| 010 |
_a5-89118-366-8 _9300 |
||
| 021 |
_aRU _b2009-96717 _96144 |
||
| 035 | _a(NLR Aleph) 001455910 | ||
| 035 | _a(nilc)RSL-KNO-004421798 | ||
| 090 |
_a1552526 _c1552526 |
||
| 100 | _a20091127d2004 |||y0rusy50 ca | ||
| 101 | 0 |
_arus _deng |
|
| 102 | _aRU | ||
| 105 | _aa zzzz||||| | ||
| 200 | 1 |
_aОчерки геодинамики Западной Антарктики _dStudies in Geodynamics of the West Antarctic _fГ. Б. Удинцев, Г. В. Шенке _gРоссийская акад. наук, Ин-т геохимии и аналитической химии им. В. И. Вернадского, Российский фонд фундаментальных исслед. _zeng |
|
| 210 |
_aМосква _cГЕОС _d2004 |
||
| 215 |
_a132 с., [14] л. ил., цв. ил. _cил., табл. _d28 |
||
| 300 | _aАвт. также на англ. яз.: G.B. Udintsev, H.W. Schenke | ||
| 300 | _aРез. на англ. яз. | ||
| 320 | _aБиблиогр.: с. 126-131 | ||
| 510 | 0 |
_6z33790 _aStudies in Geodynamics of the West Antarctic _zeng |
|
| 606 | 1 |
_aГеодинамические исследования _yАнтарктика Западная _92584505 _3RU\NLR\auth\661527678 |
|
| 686 |
_aД9(887)39,0 _2rubbk |
||
| 686 | _aД389(887) | ||
| 700 | 1 |
_4070 _8rus _7ca _aУдинцев _bГ. В. _f1923-2017 _gГлеб Борисович _3RU\NLR\AUTH\7785191 _968119 |
|
| 701 | 1 |
_4070 _8rus _7ca _aШенке _bГ. В. _3RU\NLR\auth\7785194 _968122 |
|
| 790 | 1 |
_4070 _8rus _7ca _aUdincev _bG. B. _f1923-2017 _gGleb Borisovič _3RU\NLR\AUTH\7785193 _968121 |
|
| 790 | 1 |
_4070 _8rus _7ba _aŠenke _bG. B. _3RU\NLR\auth\7785195 _968123 |
|
| 801 | 0 |
_aRU _bРГБ _c20091127 _grcr |
|
| 801 | 1 |
_aRU _bРГБ _c20091127 |
|
| 801 | 2 |
_aRU _bNLR _c20100122 _grcr |
|
| 942 | _cBOOK | ||
| 980 | _aNB | ||